| 000 | 01080cac a22002771u 4500 | ||
|---|---|---|---|
| 090 | _c8549 | ||
| 008 | 081112t1992 xxu||||| |||| 00| 0 eng d | ||
| 010 | _a91008136 | ||
| 020 | _a0521404584 | ||
| 082 | 0 | 0 |
_a172.4 _bNAR |
| 245 | 0 | 0 |
_aTraditions of international ethics / _cedited by Terry Nardin and David R. Mapel. |
| 260 |
_aCambridge ; _aNew York : _bCambridge University Press, _cC.1992. |
||
| 300 |
_axv, 326 p. ; _c24 cm. |
||
| 440 | 0 |
_aCambridge studies in international relations ; _v17 |
|
| 500 | _aDistributer:Baccah. | ||
| 504 | _aIncludes bibliographical references and index. | ||
| 511 | _aCatalogued By: Mahitab. | ||
| 650 | 0 |
_aInternational relations _xMoral and ethical aspects. |
|
| 650 | 0 | _aInternational law. | |
| 700 | 1 |
_aNardin, Terry, _d1942- |
|
| 700 | 1 |
_aMapel, David, _d1952- |
|
| 856 | 4 | 2 |
_3Publisher description _uhttp://www.loc.gov/catdir/description/cam024/91008136.html |
| 856 | 4 | 2 |
_3Table of contents _uhttp://www.loc.gov/catdir/toc/cam022/91008136.html |
| 942 |
_cBB _k172.4NAR _2ddc |
||
| 999 |
_c8549 _d8549 |
||